000 00867nam a2200229 i 4500
001 180622
003 ES-MaACL
005 20230906221140.0
008 120619s1976 sp |||| | spa d
080 _a595.135:591.463.12(043.2)
080 _a591.463.12:595.135(043.3)
100 1 _aBargalló Iñíguez, Roberto.
_9150635
245 1 0 _aEstudio ultraestructural de la espermatogénesis de los Quetognatos /
_cpor Roberto Bargalló Iñiguez.
260 _aBarcelona :
_bUniversidad, Secretariado de Publicaciones Intercambio Científico y Extensión Universitaria,
_c1976.
300 _a24 p. :
_bil. ;
_c24 cm.
502 _aTesis Univ. Barcelona (Extracto)
504 _aBibliografía: p. 21-23.
650 4 _aEspermatogénesis.
_9142335
650 4 _aQuetognatos.
_9150636
710 2 _aUniversidad de Barcelona.
_97141
852 _aES-MaACL
_jE-15362(161)
999 _c180622
_d180622